000
00232nam a2200097Ia 4500
008
230915s9999 xx 000 0 und d
050
_a
HF5635 .N44 1992
100
_a
BELVERD E. NEEDLES
245
0
_a
FINANCIAL ACCOUNTING
942
_c
BK
999
_c
82284
_d
82284